000 00747nam a22002537a 4500
003 CHAP
005 20220329135323.0
008 971013s1964 r 00010 d
010 _a34374
011 _a35346
035 _a39462
040 _cCHAP
082 _a338.10973
_bP33
100 0 0 _aPaalberg, Donald.
_984504
245 _aAmerican farm policy
_b: a case study of centralized decision making
260 _aNew York :
_bWiley,
_c1964
300 _a375 p.
590 _aBATCH-UPD
_b10
_c20130110
_lUCH01
_h2225
590 _aCONVERSION
_b10
_c20130109
_lUCH01
_h1319
650 1 4 _aAgricultura y Estado
_zE.U.A.
_92070
901 _aBK
942 _cLIBRO
949 _a338.10973 P33
_bBC
_cLIBRO
_d33724000364436
_eLIBRO
_h5434
_i39462
_si
_t87.00
999 _c34374
_d34374